Matemáticas : 3º E.G.B. Guía del profesor

Gespeichert in:
Bibliographische Detailangaben
1. Verfasser: Rico, Luis
Weitere Verfasser: Castro, Encarnación
Format: Buch
Sprache:Spanisch
Erschienen: Madrid Anaya 1982
Katalog:MANES:  Suchergebnis im Bibliothekskatalog
Schulbuchspezifische Eigenschaften:
Tags: Tag hinzufügen
Keine Tags, Fügen Sie den ersten Tag hinzu!
Hinzugefügt zu:20.05.2019
Geändert in:07.05.2025

MARC

LEADER 00000nam a2200000Ia 4500
003 aOSt
005 20250507133415.0
008 190521s9999 xx 000 0 spa d
561 |5 es-CICE  |3 FMa/M331  |a España. Centro Internacional de la Cultura Escolar  |k MANES 
999 |c 104635  |d 104635 
020 |a 84-207-2023-2 
040 |c Centro_internacional de la cultura escolar  |a centro_manes 
080 |a 372.47 
100 |a Rico, Luis  |9 33563 
245 1 1 |a Matemáticas : 3º E.G.B. Guía del profesor 
260 |a Madrid  |b Anaya  |c 1982 
300 |a 462 p.  |c 20 x 21 cm. 
500 |a Libro para el maestro con programación y actividades 
546 |a España 
690 0 |a MATE 
691 0 |a PRI 
700 |9 35344  |a Castro, Encarnación 
942 |c BK  |2 ddc 
999 |c manes:104635  |d 104635